| 000 | 00456cam a2200181ua 4500 | ||
|---|---|---|---|
| 020 | _c200.00 | ||
| 041 |
_aeng _h |
||
| 082 |
_a028.72338 _bGAM/MA |
||
| 100 | _aGamble, J S . | ||
| 245 |
_aManual of Indian timbers / _cJ S Gamble. _hTextual Documents |
||
| 250 |
_a2 / _b. |
||
| 260 |
_aDehradun : _bInternational book distributing co. , _c1985. |
||
| 300 | _a868 ; . | ||
| 365 | _a200.00 | ||
| 504 | _a | ||
| 942 | _cBK | ||
| 999 |
_c8011 _d8011 |
||